000 00835nam a2200253Ia 4500
001 18613
003 GE_BSU
008 181216s||||||||xx |||||||||||||| ||und||
020 _a9789994050550
040 _cGE_BSU
080 _a94(100)(042.4)
100 _aსანაძე,მანანა
245 _aშესავალი მსოფლიო ისტორიაში
245 _cრედ.თ. ბერაძე, ლ. ფირცხალავა
260 _aთბილისი
260 _bსაქ. უნ-ტის გამ-ბა
260 _c2011
300 _a587გვ.23სმ.
541 _h16ლ.80თ.
653 _aისტორია
653 _aქსეროქსი
653 _aშესავალი მსოფლიო ისტორიაში
942 _cBK
999 _c51622
_d51622